Visualização normal
Visualização MARC
- Pro-Apis Comercio e Representações Ltda., Florianopólis, SC (Brasil)
Entrada Entidade coletiva
Número de registros usados em: 1
001 - NÚMERO DE CONTROLE
- campo de controle : 7929
003 - IDENTIFICADOR DO NÚMERO DE CONTROLE
- campo de controle : BR-BrNA
005 - DATA E HORÁRIO DA ÚLTIMA TRANSAÇÃO
- campo de controle : 20230602123546.0
008 - CAMPO DE DADOS FIXOS
- campo de controle de tamanho fixo : 230503|| acnnnaabn fn aaa d
040 ## - FONTE DA CATALOGAÇÃO
- Instituição da catalogação original: BR-BrNA
110 1# - CABEÇALHO--ENTIDADE COLETIVA
- Nome corporativo ou nome da jurisdição: Pro-Apis Comercio e Representações Ltda., Florianopólis, SC (Brasil)

BINAGRI